=LDR 00000nam 2200000 4500 =001 INLIS000000000008237 =005 20200603111205 =035 ##$$a 0010-061300000008237 =008 200603################g##########0#ind## =041 ##$$a Ind =082 ##$$a 2x4 =090 ##$$a 2x4, Sai k =100 ##$$a Saifuddin, Asep =245 1#$$a Kedudukan Mazhab dalam syari'at Islam /$c Drs. Asep Saifuddin M.SQ =260 ##$$a Jakarta :$b Pustaka Al Husna =300 ##$$a viii, 115 hlm. ; $c 20 X 14 cm. =650 #4$$a Agama Islam - Fiqih =084 ##$$a 2x4 SAI k =250 ##$$a Cet. 1 =504 ##$$a Bibliografi :hlm.113-115 =990 ##$$a 102.581/Pro.96 =990 ##$$a 0001/BPAP-NTB/20142014 =990 ##$$a 0001/BPAP-NTB/20142014 =990 ##$$a 102.581/Pro.96 =990 ##$$a 0001/BPAP-NTB/20142014 =990 ##$$a 0001/BPAP-NTB/20142014 =990 ##$$a 00089470 =990 ##$$a 102.581/Pro.96 =990 ##$$a 0001/BPAP-NTB/20142014